000 00725nam a2200181Ia 4500
008 100920s9999 xx 000 0 und d
082 _b105840
_a891.43 न 09
100 _aमिश्रा महेंद्र के.
245 _aहिंदी व्याकरण एवं रचना विकास.
260 _bइंम्प्रेशन बुक्स दिल्ली.
_c2009
300 _a486
_bसाधी
365 _b500
520 _aहिंदी.
630 _aहिंदी व्याकरण एवं रचना विकास.
650 _aहिंदी.
730 _aहिंदी व्याकरण एवं रचना विकास.
942 _cBOOK
999 _c746271
_d746268